| 000 | 00551pam a2200205 i 4500 | ||
|---|---|---|---|
| 001 | 882131 | ||
| 005 | 20180206082355.0 | ||
| 008 | 800604s1980 mau 001 0 eng | ||
| 010 | _a 80017655 | ||
| 020 |
_a0843607947 : _c$17.95 |
||
| 040 |
_aDLC _cDLC _dDLC |
||
| 041 | _aeng | ||
| 080 | _a658.7/87/02854 GOR | ||
| 082 | 0 | 0 | _a658.7/87/02854 GOR |
| 100 | 1 | _a54 | |
| 101 | _aMAN | ||
| 245 | 1 | 0 |
_aAutomated inventory management for the distributor / _cGordon Graham. |
| 906 |
_a7 _bcbc _corignew _d1 _eocip _f19 _gy-gencatlg |
||
| 942 |
_2ddc _cBK |
||
| 999 |
_c41939 _d41939 |
||